Top Ten Most Popular Video Games - Statistics

General Stats
  • This quiz has been taken 45 times
  • The average score is 2 of 10
Answer Stats
Hint Answer % Correct
350 million copies minecraft
88%
40–58 million copies super mario bros
60%
100+ million copies tetris
31%
82.9 million copies wii sports
17%
225+ million copies grand theft auto v
14%
82+ million copies red dead redemption
10%
50+ million copies battlegrounds
0%
79+ million copies mario cart 8
0%
45-47 million pekemon red blue green yellow
0%
60 million copies the elder scrolls v skyrim
0%
No matching quizzes found
Score Distribution
Percent of People with Each Score
Percentile by Number Answered
Your Score History
You have not taken this quiz